000 00508nam a2200181 i 4500
001 24161
003 ES-MaACL
005 20250514194724.0
007 t|
008 021216s1959 sp ||||1| spa d
100 1 _aAndrés, Elena,
_d1929-2011
_921571
245 1 3 _aEl buscador /
_cElena Andrés.
260 _aMadrid :
_bAgora,
_c[1959] (
_fOrbe)
300 _a87 p. ;
_c21 cm.
852 _aES-MaACL
_j2016-F-1
_bR.44240
852 _aES-MaACL
_j2015-F-15
_bR.46585
999 _c24161
_d24161